Novels by Characters Quiz Stats

 Plays Quiz not verified by Sporcle

Score 0/20 Timer 09:00
0 Plays Today
Character Novel % Correct
Atticus and Jem FinchTo Kill a Mockingbird
93.8%
Holden and Phoebe CaulfieldThe Catcher in the Rye
86.4%
Napoleon, SnowballAnimal Farm
80.7%
Miss Ratched, Randle Patrick McMurphyOne Flew Over the Cuckoo's Nest
67%
John Yossarian, Major Major Major MajorCatch-22
63.6%
Tom Joad, Jim CasyThe Grapes of Wrath
59.7%
Julia, Winston Smith1984
59.1%
Dolores Haze, Humbert HumbertLolita
57.4%
Rorschach, Nite OwlWatchmen
40.9%
Sal Paradise, Dean MoriartyOn the Road
35.2%
Character Novel % Correct
Benjamin and Caddy CompsonThe Sound and the Fury
29.5%
Cecilia and Briony TallisAtonement
27.8%
Sethe, DenverBeloved
19.9%
Oedipa Maas, Pierce InverarityThe Crying of Lot 49
16.5%
Frank and April WheelerRevolutionary Road
15.9%
Mr. and Mrs. RamsayTo the Lighthouse
10.8%
Janie Crawford, Joe StarksTheir Eyes Were Watching God
9.7%
Charles Smithson, Sarah WoodruffThe French Lieutenant's Woman
8%
Ruth, Tommy and KathyNever Let Me Go
8%
Randolph Henry Ash, Christabel LaMottePossession
5.7%

You're not logged in!

Compare scores with friends on all Sporcle quizzes.
OR
Log In

Show Comments

Extras

Top Quizzes Today


Score Distribution

Your Account Isn't Verified!

In order to create a playlist on Sporcle, you need to verify the email address you used during registration. Go to your Sporcle Settings to finish the process.

Report this User

Report this user for behavior that violates our Community Guidelines.

Details: